| 000 | 00401nam a2200145Ia 4500 | ||
|---|---|---|---|
| 008 | 230917s9999||||xx |||||||||||||| ||und|| | ||
| 040 |
_e189209 _aMAIN |
||
| 041 | _aEnglish | ||
| 082 | _a581.1924 G181S | ||
| 100 | _aGarg, B K | ||
| 245 | 0 | _aSalinity tolerance in plants: Methods, mechanisms and management | |
| 260 |
_aJodhpur _bScientific Publishers _c2011 |
||
| 300 | _aiii, 435 p. | ||
| 942 | _cBK | ||
| 999 |
_c158791 _d158791 |
||